| 000 | 00357nam a2200157Ia 4500 | ||
|---|---|---|---|
| 100 | _aMano/Morris M | ||
| 650 | _aLogic Design | ||
| 942 | _cBK | ||
| 366 | _f25 | ||
| 654 | _aLogic design | ||
| 245 | _aDigital logic and computer design | ||
| 260 |
_bPearson Education _c1979 |
||
| 082 |
_a621.3819 _bMAN |
||
| 300 | _a612 | ||
| 546 |
_aENGLISH _cComputers |
||
| 999 |
_c27860 _d27860 |
||